000 00353nam a2200145Ia 4500
008 191201s2005 xx 000 0 und d
082 _a621.3815
_bGAO
100 _aGAYAKWAD, Ramakant
245 0 _aOp-amps and Linear Integrated Circuits
250 _a2nd
260 _aN.Delhi
_bPHI
_c2005
300 _a543
650 _aB.Tech(ECE)
942 _2ddc
_cBK
999 _c1092
_d1092